[Event "Tanglin op"]
[Site "Singapore"]
[Date "2022.05.28"]
[Round "1"]
[White "Agung, Rinaldi Santoso"]
[Black "Lau, Jia Dong Isaac"]
[Result "1-0"]
[WhiteElo "1423"]
[BlackElo "1021"]
[PlyCount "59"]
[EventDate "2022.05.28"]
[EventType "swiss"]
[EventRounds "9"]
[EventCountry "SIN"]
[SourceTitle "CBM 208 Extra"]
[Source "ChessBase"]
[SourceDate "2022.07.31"]
[SourceVersion "1"]
[SourceVersionDate "2022.07.31"]
[SourceQuality "1"]

1. e4 e5 2. Nf3 Nc6 3. d4 exd4 4. Bc4 Bb4+ 5. c3 dxc3 6. bxc3 Bc5 7. Bxf7+ Kf8 8. Bb3 d6 9. Ng5 Qf6 10. 0-0 Nh6 11. Be3 Bg4 12. Qd5 Bb6 13. Na3 Ke8 14. Nb5 Be2 15. Bxb6 Bxb5 16. Qxb5 axb6 17. Ne6 Kd7 18. Qd3 Rhe8 19. Nd4 Ne5 20. Qh3+ Kd8 21. Ne6+ Kd7 22. Nxg7+ Ke7 23. Nxe8 Rxe8 24. f4 Neg4 25. e5 dxe5 26. fxe5 Qc6 27. Qd3 Qc5+ 28. Qd4 Nxe5 29. Rae1 Nhg4 30. Rf7# 1-0